Anagramas - ciudades italianas - Estadísticas

Estadísticas generales
  • Esta prueba ha sido intentada 355 veces
  • La puntuación promedio es 7 de 15
Estadísticas de respuestas
Ciudad % Correcto
Roma
100%
Pisa
96%
Venecia
92%
Milán
83%
Bari
77%
Turin
77%
Genova
72%
Florencia
71%
Monza
69%
Parma
67%
Bolonia
66%
Siena
63%
Verona
62%
Padua
59%
Brindisi
54%
Asti
52%
Palermo
52%
Catania
50%
Rimini
50%
Bergamo
48%
Lucca
46%
Trento
46%
Trieste
46%
Ferrara
45%
Modena
43%
Vicenza
43%
Napoles
42%
Ancona
39%
Bolzano
39%
Novara
36%
Ragusa
36%
Terni
35%
Udine
34%
Forli
33%
Cagliari
32%
Taranto
32%
Foggia
30%
Sassari
29%
Prato
26%
Salerno
26%
Brescia
25%
Perusa
25%
Latina
24%
Arezzo
23%
Pescara
22%
Sanremo
21%
Ravena
20%
Livorno
17%
Pistoia
17%
Siracusa
17%
Mesina
16%
Riccione
3%
No se encontraron pruebas coincidentes
Distribución de puntuación
Porcentaje de gente con cada puntuación
Porcentaje por número respondido
Historial de tus puntuaciones
No has intentado esta prueba.